| 000 | 00745nam a2200229 a 4500 | ||
|---|---|---|---|
| 999 |
_c12223 _d12223 |
||
| 001 | 12223 | ||
| 003 | BD-JhCC | ||
| 005 | 20210427095959.0 | ||
| 008 | 210427b19881992bg |||| ||a| 001 0 ben d | ||
| 020 | _a98401725866 | ||
| 035 | _a(BD-JhCC)12223 | ||
| 040 |
_aBD-JhCC _dBD-JhCC |
||
| 041 | _aBengali | ||
| 082 |
_a954.23 _bALI 1992 |
||
| 100 | _aআলী, সৈয়দ মকসুদ | ||
| 245 |
_aরাজনীতি ও রাষ্ট্রচিন্তায় উপমহাদেশ / _cসৈয়দ মকসুদ আলী । |
||
| 260 |
_aঢাকা: _bবাংলা একাডেমী; _c১৯৯২. |
||
| 300 |
_a231 p. : _c20 cm. |
||
| 650 | _aPolitical science | ||
| 942 |
_2ddc _cBK |
||